| 000 | 00503nam a2200181Ia 4500 | ||
|---|---|---|---|
| 008 | 140626s9999 xx 000 0 und d | ||
| 100 | _aDumdum, Omar. | ||
| 245 |
_aCasting credibility : _b patterns of audience assessment of TV news programs / _c Omar ... [et al.].Dumdum |
||
| 260 | _cc2011. | ||
| 300 | _a8 : 1, page 51 | ||
| 440 | _aPlaridel | ||
| 521 | _aMC | ||
| 650 | _aCredibility. | ||
| 650 | _aNews. | ||
| 650 | _aPrincipal component analysis. | ||
| 650 | _aTelevision. | ||
| 942 | _cSE | ||
| 999 |
_c121241 _d121241 |
||